00667nam a22001577a 4500999001700000008004100017020001500058050002200073245011400095260005500209300002700264650002900291650002900320942003400349952012600383 c25915d25915170201b xxu||||| |||| 00| 0 eng d a0072350768 aLB 1051 .T35 2000 aTaking sides :bclashing views on controversial issues in educational psychology/cedited by Leonard Abbeduto aGuilford, Conn. : bDushkin/McGraw-Hill, c©2000. axix, 384 pages ; 24 cm aEducational psychology.  aLearning, Psychology of. 2lcccBOOKShLB 1051 .T35 2000 00102lcc4070aMUCbMUCcTECHd2017-02-01eDonation (B.F.A)l0oLB 1051 .T35 2000p28704r2018-07-11w2017-02-01yBOOKS